000 00349nam a2200133Ia 4500
008 240624s9999 xx 000 0 und d
041 _aeng
082 _a658.4012 BOW
100 _aBOWMAN CLIFF
245 _aESSENCE OF STRATEGIC MANAGEMENT
260 _c2004
_aNew Delhi
_bPrentice-Hall of India
300 _aviii, : 152 : p. : cm. ; 24
365 _cRS
999 _c241
_d241